|
|
|
|
| LEADER |
00000cam a2200000 4500 |
| 001 |
vtls012240558 |
| 003 |
SK-MaSNL |
| 005 |
20260301220821.0 |
| 008 |
230929s2023 xo a b 000 jbslo |
| 015 |
|
|
|a SNBA2023/10
|
| 020 |
|
|
|a 9788069022041
|q (brožované)
|
| 040 |
|
|
|a SNK
|b slo
|c SNK
|e rda
|
| 041 |
0 |
|
|a slo
|
| 044 |
|
|
|a xo
|c SK
|
| 072 |
|
7 |
|a 821.162.4
|x Slovenská literatúra
|2 konspekt
|
| 072 |
|
7 |
|a 82-93
|x Literatúra pre deti a mládež (beletria)
|2 konspekt
|
| 080 |
|
|
|a (0:82-322.2)
|2 2011
|
| 080 |
|
|
|a (0.025.2)
|2 2011
|
| 080 |
|
|
|a 821.162.4-32
|2 2011
|
| 100 |
1 |
|
|a Čaučíková, Marianna
|4 aut
|4 ill
|9 154411
|
| 245 |
1 |
0 |
|a Carlo na diaľnici do neba
|b príbeh blahoslaveného Carla Acutisa
|c Marianna Čaučíková
|
| 250 |
|
|
|a Prvé vydanie
|
| 264 |
|
1 |
|a Bratislava
|b TV LUX, s.r.o.
|c 2023
|
| 300 |
|
|
|a 31 strán
|b farebné ilustrácie
|c 24 cm
|
| 336 |
|
|
|a text
|b txt
|2 rdacontent
|
| 336 |
|
|
|a statický obraz
|b sti
|2 rdacontent
|
| 337 |
|
|
|a bez média
|b n
|2 rdamedia
|
| 338 |
|
|
|a zväzok
|b nc
|2 rdacarrier
|
| 600 |
1 |
7 |
|a Acutis, Carlo,
|d 1991-2006
|2 SNKMA
|9 176551
|
| 655 |
|
7 |
|a slovenské príbehy
|2 SNKPH
|9 70494
|
| 655 |
|
7 |
|a Slovak stories
|2 SNKPHeng
|9 277112
|
| 655 |
|
7 |
|a ilustrované publikácie
|2 SNKPH
|9 109406
|
| 655 |
|
7 |
|a Religious prose
|2 SNKPHeng
|9 302490
|
| 655 |
|
7 |
|a náboženské prózy
|2 SNKPH
|9 79486
|
| 655 |
|
7 |
|a Illustrated publications
|2 SNKPHeng
|9 289635
|
| 852 |
|
|
|a Slovenská národná knižnica
|
| 919 |
|
|
|a 978-80-69022-04-1
|
| 954 |
|
|
|a beletria pôvodná (slovenská)
|2 lita
|
| 958 |
|
|
|a LX
|
| 958 |
|
|
|a DB
|
| 958 |
|
|
|a NT
|
| 999 |
|
|
|c 933313
|d 935243
|
| 952 |
|
|
|a SNK
|b SNK
|y PREZ
|7 0
|p 17A1535174
|o snkSC 203731
|i snk2023/14078
|8 0
|0 0
|1 0
|4 0
|d 2023-09-29
|l 0
|r 2025-10-27 00:00:00
|w 2026-02-24
|
| 952 |
|
|
|a SNK
|b SNK
|y VYP
|7 0
|p 17A1535175
|o snkSC 203731 D1
|i snk2023/14079
|8 0
|0 0
|1 0
|4 0
|d 2023-09-29
|l 0
|r 2026-02-24 08:55:15
|w 2026-02-24
|